00707npc a2200181Ia 4500001002100000003001000021008004100031040002500072041000700097100002100104240009300125245016400218250001100382260004500393300001000438500006100448650001600509te4-586 [d000000496]IT-MiCISF161014s9999||||xx | und|| aIT-MiCISFcIT-MiCISF aen aMasamba ma Mpolo aThe Impact of Change on Family Life and Health of Older Persons in a Lower Zaire Village 4aThe Impact of Change on Family Life and Health of Older Persons in a Lower Zaire VillagebA Biographical and Psychosocial Approach to Understanding the Elderly a1a ed. a GenevebWorld Council of Churchesc1983 ap. 42 a / anziani, salute, famiglia, cambiamento, territorio /  aterza-età€